000 00496nam a22001697a 4500
005 20251108171020.0
008 250721s1977 xx 000 0 ara d
082 1 4 _a370.9/احم
100 1 _aعيسى، أحمد عبد الرحمن
245 1 0 _aفي أصول التربية وتاريخها /
264 1 _aالرياض :
_bدار اللواء،
_c1977.
300 _a240ص
650 1 7 _aالتربية والتعليم
650 1 7 _aالتاريخ
942 _2ddc
_cBK
999 _c54431
_d54431